00850nam a22001577a 450000500170000000800410001705000330005824501290009126000340022030000180025450000400027265001630031294200130047599900190048895201850050720250829103057.0250829b |||||||| |||| 00| 0 eng d aTHE LB 2842.6 .N48 2006bC.1 aThe Effects of Free Primary Education on Performance of the Human Resources: A Case Study of Teachers in Nakuru Municipality aKisiibKisii Universityc2006 aix, 71p.:ill. aIncludes bibliographical references a1. Education, Primary—Kenya—Nakuru Municipality. 2. Teachers—Kenya—Performance. 3. Free education—Kenya. 4. Public schools—Kenya—Administration. 2lcccREF c216054d216054 00102lcc406THE L B 02842.00006 .N00048 02006708SC9372905aKSULbKSULd2025-08-29i109460l0oTHE LB 2842.6 .N48 2006p000000024756r2025-08-29 10:33:00tC.1w2025-08-29yREF